000
00230nam a22000857a 4500
008
160916b xxu||||| |||| 00| 0 eng d
100
_9
584
_a
Selly.V.K.etal.
245
_a
Science for Class
260
_a
New Delhi
_b
G.B.P. Publications
_c
2011
999
_c
3240
_d
3240